Statistics for Top 10 Countries with the Most English speakers

Click here to take the quiz!

General Stats

  • This quiz has been taken 663 times
  • The average score is 7 of 10

Answer Stats

Total English SpeakersCountries% Correct
298 millionUnited States
100%
60 millionUnited Kingdom
97%
28 millionCanada
92%
225 millionIndia
85%
52 millionGermany
68%
26 millionFrance
64%
92 millionPakistan
56%
29 millionBangladesh
43%
52 millionPhilippines
38%
28 millionEgypt
33%

Score Distribution

Percentile by Number Answered

Percent of People with Each Score

Your Score History

You have not taken this quiz